000 00195nam a2200073Ia 4500
008 170524s9999 xx 000 0 und d
100 _aCHAKARVARTHY- SUBASH
245 0 _aNEWS REPORTING AND EDITING
260 _bNEW DELHI: KANISHKA
999 _c9352
_d9352